[Event "Pan American Amateur-ch"]
[Site "Curitiba"]
[Date "2015.12.16"]
[Round "2"]
[White "Da Silva, Juliano Roberto Ner"]
[Black "Kruger, Israel"]
[Result "1-0"]
[WhiteElo "1753"]
[BlackElo "1917"]
[PlyCount "87"]
[EventDate "2015.12.16"]
[EventType "swiss"]
[EventRounds "9"]
[EventCountry "BRA"]
[SourceTitle "CBM 170 Extra"]
[Source "ChessBase"]
[SourceDate "2016.02.25"]
[SourceVersion "1"]
[SourceVersionDate "2016.02.25"]
[SourceQuality "1"]

1. d4 d5 2. c4 c6 3. Nc3 Nf6 4. Nf3 a6 5. Bf4 g6 6. h3 Bg7 7. e3 0-0 8. a4 Re8 9. Bd3 b6 10. 0-0 Bb7 11. a5 dxc4 12. Bxc4 b5 13. Bb3 Nd5 14. Ne5 e6 15. Bxd5 cxd5 16. Qd2 Bxe5 17. Bxe5 Nc6 18. Ne2 Nxe5 19. dxe5 Rc8 20. Rfc1 Qd7 21. Rxc8 Rxc8 22. Rc1 Kg7 23. Nd4 f6 24. Rxc8 Qxc8 25. Qb4 Kf7 26. exf6 Kxf6 27. Qd6 Qe8 28. Nf3 h6 29. Ne5 g5 30. Nd7+ Kf7 31. Nc5 Qc8 32. b4 Bc6 33. Nd3 Bb7 34. Ne5+ Kf6 35. Ng4+ Kg6 36. Qe7 d4 37. Qf6+ Kh7 38. Qxh6+ Kg8 39. Qxg5+ Kf8 40. Qf6+ Kg8 41. Qxd4 Qc1+ 42. Kh2 Qc7+ 43. Qe5 Qc6 44. f3 1-0

[Event "Blumenau Taca Santa Catarina op"]
[Site "Blumenau"]
[Date "2015.11.08"]
[Round "6.10"]
[White "Da Silva, Juliano Roberto Ner"]
[Black "Moyses Sobrinho, Elias"]
[Result "1/2-1/2"]
[WhiteElo "1736"]
[BlackElo "1972"]
[PlyCount "99"]
[EventDate "2015.11.06"]
[EventType "swiss"]
[EventRounds "6"]
[EventCountry "BRA"]
[SourceTitle "EXT 2022"]
[Source "ChessBase"]
[SourceDate "2021.10.06"]
[SourceVersion "1"]
[SourceVersionDate "2021.10.06"]
[SourceQuality "1"]

1. d4 Nf6 2. c4 c5 3. d5 b5 4. Nf3 bxc4 5. Nc3 d6 6. e4 Nbd7 7. Bxc4 g6 8. 0-0 Bg7 9. Re1 Ng4 10. h3 Nge5 11. Nd2 Nxc4 12. Nxc4 0-0 13. Qc2 Ba6 14. b3 Bxc4 15. bxc4 Qa5 16. Bd2 Nb6 17. Nb5 Qa4 18. Qxa4 Nxa4 19. Rab1 a6 20. Na3 Bb2 21. Nc2 Rfb8 22. Re3 Bf6 23. Reb3 Nb2 24. Bc3 Rxb3 25. Bxf6 exf6 26. axb3 Nd3 27. Kf1 Rb8 28. Na1 Ne5 29. Rc1 a5 30. Ke2 a4 31. f4 axb3 32. fxe5 b2 33. Rb1 bxa1Q 34. Rxa1 fxe5 35. Ra6 Rd8 36. h4 Rd7 37. g4 Kg7 38. Kf3 h5 39. gxh5 gxh5 40. Ke3 Kg6 41. Ra2 f5 42. Rg2+ Kf6 43. exf5 Kxf5 44. Rg5+ Kf6 45. Rxh5 Kg6 46. Rg5+ Kf6 47. Ke4 Rh7 48. Rf5+ Kg6 49. Rg5+ Kf6 50. Rf5+ 1/2-1/2